Gói thuốc lá

Zapisane w:
Opis bibliograficzny
1. autor: Thế Lữ
Format: Książka
Język:Undetermined
Wydane: Tp. HCM Văn nghệ 1995
Hasła przedmiotowe:
Etykiety: Dodaj etykietę
Nie ma etykietki, Dołącz pierwszą etykiete!
Thư viện lưu trữ: Trung tâm Học liệu Trường Đại học Cần Thơ
LEADER 00464nam a2200181Ia 4500
001 CTU_53416
008 210402s9999 xx 000 0 und d
020 |b 6000 
082 |a 895.922331 
082 |b Th250 
100 |a Thế Lữ 
245 0 |a Gói thuốc lá 
245 0 |c Thế Lữ 
260 |a Tp. HCM 
260 |b Văn nghệ 
260 |c 1995 
650 |a vietnamese fiction 
980 |a Trung tâm Học liệu Trường Đại học Cần Thơ